Transfery a ich účtovné zobrazenie v obciach diplomová práca

Gespeichert in:
Bibliographische Detailangaben
1. Verfasser: Fusiková, Lucia
Körperschaft: Fakulta hospodárskej informatiky EU. Katedra účtovníctva a audítorstva
Weitere Verfasser: Kovalčíková, Antónia
Format: Buch
Sprache:Slowakisch
Veröffentlicht: Bratislava 2014
Tags: Tag hinzufügen
Keine Tags, Fügen Sie das erste Tag hinzu!

MARC

LEADER 00000nbm a2200000 4500
001 0188727
005 20170201105902.3
041 0 |a slo 
044 |a SK 
245 1 0 |a Transfery a ich účtovné zobrazenie v obciach  |b diplomová práca  |c Lucia Fusiková ; školiteľ: Antónia Kovalčíková 
264 1 |a Bratislava  |c 2014 
300 |a 69 s. 
100 1 |a Fusiková, Lucia 
700 1 |a Kovalčíková, Antónia 
710 2 |a Fakulta hospodárskej informatiky EU. Katedra účtovníctva a audítorstva